000 00681nam a2200193Ia 4500
005 20250508161905.0
008 008 250505s9999 xx 000 0 eng d
037 _aDissertations
040 _aFEDL
_beng
_cFEDL
041 _aeng
_2eng
084 _a370.193, JAI/DI
_qFEDL
100 _aJain Padam Chand
245 0 _aInvestigation into the relationship of intellegence, achievement and socio econimic background in selection of work experience under 10+2+3 new pattern of education in Delhi schools
260 _c1977
300 _a77p.
546 _aM. Ed. Dissertation (Delhi University)
942 _cDIS
_h370.193, JAI/DI
999 _c1372992
_d1372992